Statistics for Random Acronyms Quiz #6

Click here to take the quiz!

General Stats

  • This quiz has been taken 45,826 times
    (45,811 since last reset)
  • The average score is 12 of 24

Answer Stats

AcronymClueStands For% Correct
OJBeverageOrange Juice
97%
HDTelevisionHigh Definition
96%
PEEducationPhysical Education
90%
PGMovie RatingParental Guidance
79%
GTAVideo GamesGrand Theft Auto
73%
PIDetectivePrivate Investigator
72%
LGBTSocietyLesbian, Gay, Bisexual, Transgender
69%
MPGAutosMiles per Gallon
65%
R&BMusicRhythm & Blues
63%
RCToysRemote Control
57%
DCElectricityDirect Current
54%
IQSmartsIntelligence Quotient
49%
OGRapOriginal Gangster
46%
R&RMilitaryRest & Recuperation
44%
RVAutosRecreational Vehicle
44%
PSAAdvertisingPublic Service Announcement
43%
R&DBusinessResearch & Development
42%
HSMMovie TitleHigh School Musical
30%
DDRVideo GamesDance Dance Revolution
25%
ABSAutosAnti-lock Braking System
24%
NDALawNon-disclosure Agreement
21%
PACPoliticsPolitical Action Committee
15%
PDAElectronicsPersonal Digital Assistant
13%
P/EInvestingPrice to Earnings
10%

Score Distribution

Percentile by Number Answered

Percent of People with Each Score

Your Score History

You have not taken this quiz since the last reset